How do you measure up? (Record no. 59262)
[ view plain ]
| 000 -LEADER | |
|---|---|
| fixed length control field | 00919cab a2200265 4500 |
| 001 - CONTROL NUMBER | |
| control field | ABS60600 |
| 008 - FIXED-LENGTH DATA ELEMENTS--GENERAL INFORMATION | |
| fixed length control field | 090401t1999 xxu||||| |||| 00| 0 eng d |
| 035 ## - SYSTEM CONTROL NUMBER | |
| System control number | (Sirsi) u93516 |
| 041 ## - LANGUAGE CODE | |
| Language code of text/sound track or separate title | eng |
| 100 ## - MAIN ENTRY--PERSONAL NAME | |
| Personal name | Cook, A. |
| 245 ## - TITLE STATEMENT | |
| Title | How do you measure up? |
| 260 ## - PUBLICATION, DISTRIBUTION, ETC. | |
| Date of publication, distribution, etc. | 1999 |
| 350 ## - PRICE (NR) (BK AM CF MU VM SE) [OBSOLETE] | |
| Price | 0 |
| 490 ## - SERIES STATEMENT | |
| Series statement | Building |
| Volume/sequential designation | 264(8087) 14 May 1999, 24-27(4) |
| 520 ## - SUMMARY, ETC. | |
| Summary, etc. | The government-backed Movement for Innovation, which has responsibility with implementing the Egan report Rethinking Construction, has published details of how firms can measure their performance against the rest of the industry. Graphs with detail of each indicator. |
| 650 ## - SUBJECT ADDED ENTRY--TOPICAL TERM | |
| Topical term or geographic name entry element | BENCHMARKING |
| 650 ## - SUBJECT ADDED ENTRY--TOPICAL TERM | |
| Topical term or geographic name entry element | CONSTRUCTION COMPANIES |
| 650 ## - SUBJECT ADDED ENTRY--TOPICAL TERM | |
| Topical term or geographic name entry element | CONSTRUCTION INDUSTRY |
| 650 ## - SUBJECT ADDED ENTRY--TOPICAL TERM | |
| Topical term or geographic name entry element | LEAGUE TABLES |
| 650 ## - SUBJECT ADDED ENTRY--TOPICAL TERM | |
| Topical term or geographic name entry element | MOVEMENT FOR INNOVATION |
| 650 ## - SUBJECT ADDED ENTRY--TOPICAL TERM | |
| Topical term or geographic name entry element | PERFORMANCE INDICATORS |
| 690 ## - LOCAL SUBJECT ADDED ENTRY--TOPICAL TERM (OCLC, RLIN) | |
| Topical term or geographic name as entry element | BUILT ENVIRONMENT |
| 942 ## - ADDED ENTRY ELEMENTS (KOHA) | |
| Suppress in OPAC | 0 |
| 948 ## - LOCAL PROCESSING INFORMATION (OCLC); SERIES PART DESIGNATOR (RLIN) | |
| c (OCLC) | 21/05/1999 |
| Withdrawn status | Lost status | Source of classification or shelving scheme | Damaged status | Not for loan | Home library | Current library | Shelving location | Date acquired | Total Checkouts | Full call number | Barcode | Date last seen | Copy number | Price effective from | Koha item type |
|---|---|---|---|---|---|---|---|---|---|---|---|---|---|---|---|
| Dewey Decimal Classification | London | London | Journal article | 14/09/1999 | ABS60600 | 93516-1001 | 06/08/2019 | 1 | 06/08/2019 | Journal article |